| 000 | 00870nam a2200277 a 4500 | ||
|---|---|---|---|
| 008 | |||
| 020 | _a0419178708 (cased) | ||
| 049 | _aMAIN | ||
| 090 | 0 | 0 | _aHE148 |
| 245 | 0 | 0 |
_aTransport, the environment and sustainable development / _cedited by David Banister and Kenneth Button. |
| 260 |
_aLondon : _bE & FN Spon, _c1993. |
||
| 300 |
_axiv, 275 p. ; _c24 cm. |
||
| 504 | _aIncludes bibliographical references. | ||
| 500 | _aIncludes index. | ||
| 650 | 0 |
_aTransportation _xEnvironmental aspects. |
|
| 650 | 0 | _aTransportation and state. | |
| 650 | 0 | _aEnvironmental policy. | |
| 650 | 0 | _aSustainable development. | |
| 700 | 1 | _aBanister, David. | |
| 700 | 1 | _aButton, Kenneth John. | |
| 907 |
_a.b10085221 _b14-08-03 _c30-07-03 |
||
| 003 | |||
| 005 | 20230123133355.0 | ||
| 040 | _cNUST | ||
| 942 |
_cBOOKS _kHE148 |
||
| 999 |
_c147489 _d147489 |
||